Frigates and Destroyers of the Royal Navy - Statistics

General Stats
  • This quiz has been taken 45 times
  • The average score is 11 of 19
Answer Stats
Pennant Number Ship Name % Correct
D33 HMS Dauntless
81%
D34 HMS Diamond
81%
D35 HMS Dragon
81%
D32 HMS Daring
76%
D36 HMS Defender
71%
D37 HMS Duncan
62%
F234 HMS Iron Duke
57%
F239 HMS Richmond
57%
F229 HMS Lancaster
52%
F235 HMS Monmouth
52%
F236 HMS Montrose
52%
F81 HMS Sutherland
52%
F82 HMS Somerset
48%
F83 HMS St Albans
48%
F231 HMS Argyll
43%
F78 HMS Kent
43%
F238 HMS Northumberland
43%
F79 HMS Portland
43%
F237 HMS Westminster
43%
No matching quizzes found
Score Distribution
Percent of People with Each Score
Percentile by Number Answered
Your Score History
You have not taken this quiz